LEADER 04327nam 2200793Ia 450 001 9910782994503321 005 20230607222613.0 010 $a0-19-159892-5 010 $a1-281-98982-7 010 $a9786611989828 010 $a0-19-152898-6 035 $a(CKB)1000000000722858 035 $a(EBL)3053245 035 $a(OCoLC)57544103 035 $a(SSID)ssj0000224026 035 $a(PQKBManifestationID)12075260 035 $a(PQKBTitleCode)TC0000224026 035 $a(PQKBWorkID)10205847 035 $a(PQKB)10000156 035 $a(SSID)ssj0000088835 035 $a(PQKBManifestationID)11111794 035 $a(PQKBTitleCode)TC0000088835 035 $a(PQKBWorkID)10082922 035 $a(PQKB)11064121 035 $a(StDuBDS)EDZ0000074266 035 $a(MiAaPQ)EBC3053245 035 $a(Au-PeEL)EBL3053245 035 $a(CaPaEBR)ebr10283688 035 $a(CaONFJC)MIL198982 035 $a(MiAaPQ)EBC7037071 035 $a(Au-PeEL)EBL7037071 035 $a(EXLCZ)991000000000722858 100 $a20010103d2001 uy 0 101 0 $aeng 135 $aur|n|---||||| 181 $ctxt 182 $cc 183 $acr 200 04$aThe politics of labor in a global age$b[electronic resource] $econtinuity and change in late-industralizing and post-socialist economies /$fedited by Christopher Candland and Rudra Sil 210 $aOxford ;$aNew York $cOxford University Press$d2001 215 $a1 online resource (370 p.) 300 $aDescription based upon print version of record. 311 $a0-19-924114-7 311 $a0-19-924081-7 320 $aIncludes bibliographical references and index. 327 $a""Contents""; ""List of Contributors""; ""List of Figures""; ""List of Tables""; ""List of Abbreviations""; ""Introduction""; ""1. The Politics of Labor in Late-industrializing and Post-socialist Economies: New Challenges in a Global Age""; ""Part I: Labor in Late-Industrializing Economies""; ""2. Partisan Loyalty and Union Competition: Macroeconomic Adjustment and Industrial Restructuring in Mexico""; ""3. The Cost of Incorporation: Labor Institutions, Industrial Restructuring, and New Trade Union Strategies in India and Pakistan"" 327 $a""4. Network Ties and Labor Flexibility in Brazil and Mexico: A Tale of Two Automobile Factories""""5. Globalization, Social Partnership, and Industrial Relations in Ireland""; ""6. Globalization and the Paradigm Shift in Japanese Industrial Relations""; ""Part II: Labor in Post-socialist Economies""; ""7. Transition, Globalization, and Changing Industrial Relations in China""; ""8. Privatization, Labor Politics, and the Firm in Post-Soviet Russia: Non-market Norms, Market Institutions, and the Soviet Legacy"" 327 $a""9. Globalization in One Country: East Germany between Moral Economy and Political Economy""""10. Corporatist Renaissance in Post-communist Central Europe?""; ""Conclusion""; ""11. Institutional Legacies and the Transformation of Labor: Late-industrializing and Post-socialist Economies in Comparative-Historical Perspective""; ""Bibliography""; ""Index""; ""A""; ""B""; ""C""; ""D""; ""E""; ""F""; ""G""; ""H""; ""I""; ""J""; ""K""; ""L""; ""M""; ""N""; ""O""; ""P""; ""Q""; ""R""; ""S""; ""T""; ""U""; ""V""; ""W""; ""X""; ""Y""; ""Z"" 330 8 $aThis volume features essays on labour relations at national, local, and workplace levels, as economic and political actors cope with the similar challenges associated with economic adjustment measures and the impact of 'globalization'. 606 $aComparative industrial relations 606 $aForeign trade and employment 606 $aGlobalization$xEconomic aspects 606 $aIndustrial relations$zDeveloping countries$vCase studies 606 $aPost-communism 615 0$aComparative industrial relations. 615 0$aForeign trade and employment. 615 0$aGlobalization$xEconomic aspects. 615 0$aIndustrial relations 615 0$aPost-communism. 676 $a331/.09172/4 701 $aCandland$b Christopher$01484666 701 $aSil$b Rudra$f1967-$0713537 801 0$bMiAaPQ 801 1$bMiAaPQ 801 2$bMiAaPQ 906 $aBOOK 912 $a9910782994503321 996 $aThe politics of labor in a global age$93703428 997 $aUNINA LEADER 01470nam0-22003611i-450 001 990005619140403321 005 20240527163428.0 035 $a000561914 035 $aFED01000561914 035 $a(Aleph)000561914FED01 035 $a000561914 100 $a19990604d1979----km-y0itay50------ba 101 0 $aita 102 $aIT 105 $aaf--a---101yy 200 1 $a<>arte a Parma dai Farnese ai Borbone$eParma, Palazzo della Pilotta, 22 settembre-22 dicembre 1979$e10. Biennale d'arte antica$el'Arte del Settecento Emiliano$f[catalogo critico a cura di Bruno Adorni ... et al.] 210 $aBologna$cEdizioni Alfa$d1979 215 $aXVI, 497 p., [114] c. di tav.$d21 cm 225 1 $a<>arte del Settecento in Emilia e in Romagna 300 $aIn testa al frontespizio: Regione Emilia Romagna, Manifestazioni settecentesche; Comuni di Parma, Bologna, Faenza; Ente bolognese manifestazioni artistiche; Soprintendenza ai beni artistici e storici di Parma e Piacenza 610 0 $aArte$aParma$aSec. 18.$aEsposizioni$a1979 676 $a709.45 702 1$aAdorni,$bBruno 710 12$aBiennale d'arte antica,$d10.$f<1979 ;$eBologna, Faenza, Parma>$0401019 801 0$aIT$bUNINA$gRICA$2UNIMARC 901 $aBK 912 $a990005619140403321 952 $a709.033 RICE 01$bST.ARTE 14037$fFLFBC 952 $a14.300$b7226$fDARST 959 $aFLFBC 959 $aDARST 996 $aArte a Parma dai Farnese ai Borbone$9604387 997 $aUNINA